Turbulence. (Record no. 5845)

MARC details
000 -LEADER
fixed length control field 00503nam a22001937a 4500
003 - CONTROL NUMBER IDENTIFIER
control field OSt
005 - DATE AND TIME OF LATEST TRANSACTION
control field 20170510173555.0
008 - FIXED-LENGTH DATA ELEMENTS--GENERAL INFORMATION
fixed length control field 170510b xxu||||| |||| 00| 0 eng d
020 ## - INTERNATIONAL STANDARD BOOK NUMBER
International Standard Book Number 0521457130
040 ## - CATALOGING SOURCE
Transcribing agency DDC.
082 ## - DEWEY DECIMAL CLASSIFICATION NUMBER
Classification number 532.0527FRI 1995.
100 ## - MAIN ENTRY--PERSONAL NAME
Personal name Frisch,Uriel;
9 (RLIN) 12134
245 ## - TITLE STATEMENT
Title Turbulence.
260 ## - PUBLICATION, DISTRIBUTION, ETC. (IMPRINT)
Place of publication, distribution, etc. Cambridge;Cambridge University Press;1995.
300 ## - PHYSICAL DESCRIPTION
Extent xiii,296p;
Other physical details ill:
Dimensions 25cm.
504 ## - BIBLIOGRAPHY, ETC. NOTE
Bibliography, etc includes references and index.
650 ## - SUBJECT ADDED ENTRY--TOPICAL TERM
Topical term or geographic name as entry element Physics.
9 (RLIN) 809
942 ## - ADDED ENTRY ELEMENTS (KOHA)
Source of classification or shelving scheme Dewey Decimal Classification
Koha item type Open Shelf
Holdings
Withdrawn status Lost status Source of classification or shelving scheme Damaged status Not for loan Home library Current library Date acquired Source of acquisition Inventory number Total Checkouts Full call number Barcode Date last seen Koha item type
    Dewey Decimal Classification     MUST Main Library MUST Main Library 10/05/2017   06/26660   532.0527FRI 1995. 2017-0834 10/05/2017 Open Shelf
    Dewey Decimal Classification     MUST Main Library MUST Main Library 11/05/2017   05/24557   532.0527FRI 1995. 2017-0835 11/05/2017 Open Shelf
    Dewey Decimal Classification     MUST Main Library MUST Main Library 11/05/2017   04/21812   532.0527FRI 1995. 2017-0836 11/05/2017 Open Shelf
    Dewey Decimal Classification     MUST Main Library MUST Main Library 11/05/2017   06/26658   532.0527FRI 1995. 2017-0837 11/05/2017 Open Shelf
    Dewey Decimal Classification     MUST Main Library MUST Main Library 11/05/2017   06/26659   532.0527FRI 1995. 2017-0838 11/05/2017 Open Shelf
    Dewey Decimal Classification     MUST Main Library MUST Main Library 11/05/2017   04/21813   532.0527FRI 1995. 2017-0839 11/05/2017 Open Shelf
    Dewey Decimal Classification     MUST Main Library MUST Main Library 11/05/2017   05/24555   532.0527FRI 1995. 2017-0840 11/05/2017 Open Shelf
    Dewey Decimal Classification     MUST Main Library MUST Main Library 11/05/2017   04/22862   532.0527FRI 1995. 2017-0841 11/05/2017 Open Shelf